00642nam a2200205 a 450000500170000000800410001701000140005802000260007203500130009803700150011104000170012608200110014324501050015426000360025927000480029530000270034350000250037070000180039570000230041320090513143737.0920320s1993 njua | b 001 0 eng  aENG-93513 a9788120336971c350.00 aEN-77046 bDBAD / PUB adplbEnglish a340.11 aStrengthening governance through access to justice /cedited by Amita Singh [and] Nasir Aslam Zahid  aNew Delhi bPHI Learning c2009 aM-97, Connaught Circus, bNew Delhie110001 avii, 180p. c24cm(Hb)  aIncludes references  aSingh, Amita  aNasir Aslam Zahid